Strategické smerovanie slovenského hotelierstva na prahu 21. storočia
Podmienky, v ktorých pôsobí slovenské hotelierstvo. Trendy rozvoja hotelierstva. Kvalita poskytovaných služieb. Vstup moderných technológií do hotelov.
Salvato in:
| Autore principale: | |
|---|---|
| Natura: | Capitolo di libro |
| Lingua: | slovacco |
| Soggetti: | |
| Tags: |
Nessun Tag, puoi essere il primo ad aggiungerne!!
|
MARC
| LEADER | 00000naa a2200000 4500 | ||
|---|---|---|---|
| 001 | r043963 | ||
| 005 | 20230724110559.8 | ||
| 041 | 0 | |a slo | |
| 044 | |a SK | ||
| 245 | 1 | 0 | |a Strategické smerovanie slovenského hotelierstva na prahu 21. storočia |c Zuzana Šedivá |
| 520 | |a Podmienky, v ktorých pôsobí slovenské hotelierstvo. Trendy rozvoja hotelierstva. Kvalita poskytovaných služieb. Vstup moderných technológií do hotelov. | ||
| 610 | 2 | 0 | |a hotelierstvo |
| 610 | 2 | 0 | |a hotely |
| 610 | 2 | 0 | |a služby |
| 610 | 2 | 0 | |a kvalita |
| 610 | 2 | 0 | |a ruch cestovný domáci |
| 610 | 2 | 0 | |a Slovensko |
| 100 | 1 | |a Šedivá, Zuzana | |